[Event "AUTO-OPEN-914"]
[Site "http://www.queenalice.com/game.php?id=309703"]
[Date "2007.11.25"]
[Round "1"]
[White "vaboy"]
[Black "dwright"]
[Result "1-0"]
[WhiteElo "1500"]
[BlackElo "1945"]

1. e4 c5 2. Nf3 d6 3. Bb5+ Nd7 4. d4 cxd4 5. Nxd4 Nf6 6. O-O a6 7. Bxd7+ Qxd7 8.
Re1 e5 9. Nf3 Be7 10. c4 b5 11. cxb5 Qxb5 12. Nc3 Qb7 13. Bg5 Qd7 14. Qd3 O-O
15. Bxf6 Bxf6 16. Rad1 Rb8 17. b3 Rd8 18. Nd5 Be7 19. Nxe5 dxe5 20. Nxe7+ Kf8
21. Nd5 Qg4 22. Qc3 Qg5 23. Qc5+ Kg8 24. Ne7+ 1-0

[Event "AUTO-OPEN-914"]
[Site "http://www.queenalice.com/game.php?id=309704"]
[Date "2007.11.25"]
[Round "1"]
[White "dwright"]
[Black "vaboy"]
[Result "0-1"]
[WhiteElo "1956"]
[BlackElo "1574"]

1. e4 e5 2. f4 exf4 3. Nf3 g5 4. Bc4 g4 5. Ne5 Qh4+ 6. Kf1 Nh6 7. d4 d6 8. Nd3
f3 9. g3 Qf6 10. Nf2 Nc6 11. Be3 Bd7 12. c3 Na5 13. Bd3 c5 14. dxc5 dxc5 15. Na3
O-O-O 16. Qd2 Qg6 17. b4 Nc6 18. bxc5 Ne5 19. Rb1 Bc6 20. Bd4 Nxd3 21. Nxd3 Bxe4
22. Nf4 Qc6 23. Nb5 Qa6 24. Rb3 Bxc5 25. Kf2 Nf5 26. Qb2 Qb6 27. Rd1 h5 28. Rd2
h4 0-1

[Event "AUTO-OPEN-914"]
[Site "http://www.queenalice.com/game.php?id=309705"]
[Date "2007.11.25"]
[Round "1"]
[White "vaboy"]
[Black "TerribleT"]
[Result "1-0"]
[WhiteElo "1744"]
[BlackElo "1421"]

1. e4 e5 2. Nf3 Qf6 3. Bc4 d5 4. Bxd5 c6 5. Bb3 Bg4 6. d3 Bb4+ 7. Bd2 Bc5 8. Bc3
Nd7 9. Nbd2 b5 10. h3 Bxf3 11. Nxf3 b4 12. Bd2 Nh6 13. c3 bxc3 14. bxc3 g5 15.
Bxg5 Qg6 16. Qd2 Ng8 17. Nh4 Qh5 18. g4 Qxg5 19. Qxg5 h6 20. Qg7 Bf8 21. Bxf7+
Kd8 22. Qxh8 Ne7 23. Ng6 Nxg6 24. Bxg6 Kc7 25. Bf5 Nc5 26. Qxe5+ Bd6 27. Qg7+
Kb6 28. Rb1+ Ka6 29. Qd4 Bf8 30. Qc4+ Ka5 31. Qb4+ Ka6 32. Qa3+ Na4 33. Qxa4#
1-0

[Event "AUTO-OPEN-914"]
[Site "http://www.queenalice.com/game.php?id=309706"]
[Date "2007.11.25"]
[Round "1"]
[White "TerribleT"]
[Black "vaboy"]
[Result "0-1"]
[WhiteElo "1216"]
[BlackElo "1731"]

1. e3 e5 2. g3 d5 3. d4 e4 4. Bb5+ c6 5. Be2 Nf6 6. Nc3 Bb4 7. a3 Bxc3+ 8. bxc3
O-O 9. f4 exf3 10. Nxf3 Ne4 11. Qd3 Qf6 12. Rf1 Bh3 13. Rg1 Nd7 14. Nh4 Qf2+ 15.
Kd1 Qxg1+ 16. Bf1 Bxf1 17. Nf3 Qf2 18. Bd2 Bxd3 19. cxd3 Qxf3+ 20. Kc2 Nxd2 21.
Kxd2 Qf2+ 22. Kc1 Qxe3+ 23. Kb2 Qxd3 24. Rc1 Rfe8 25. h4 Re2+ 26. Rc2 Qxc2+ 27.
Ka1 Qb2# 0-1

[Event "AUTO-OPEN-914"]
[Site "http://www.queenalice.com/game.php?id=309707"]
[Date "2007.11.25"]
[Round "1"]
[White "vaboy"]
[Black "rgoncalves"]
[Result "1-0"]
[WhiteElo "1500"]
[BlackElo "1255"]

1. e4 e5 2. Nf3 Nc6 3. Bc4 Na5 4. Nxe5 Nxc4 5. Nxc4 b5 6. Ne3 Nf6 7. d3 d5 8. e5
d4 9. Qf3 Rb8 10. exf6 dxe3 11. Qxe3+ Be6 12. O-O Qxf6 13. Qxa7 Bd6 14. Qxb8+
Qd8 15. Qxd8+ Kxd8 16. Nc3 b4 17. Ne4 Be7 18. Re1 Kd7 19. Bg5 f6 20. Be3 h5 21.
Nc5+ Bxc5 22. Bxc5 Rb8 23. Re3 Rb5 24. d4 f5 25. Rae1 Bc4 26. f4 Ra5 27. Bxb4
Rxa2 28. Ba3 Kc6 29. Kf2 Kd5 30. c3 c6 31. Re5# 1-0

[Event "AUTO-OPEN-914"]
[Site "http://www.queenalice.com/game.php?id=309708"]
[Date "2007.11.25"]
[Round "1"]
[White "rgoncalves"]
[Black "vaboy"]
[Result "0-1"]
[WhiteElo "1242"]
[BlackElo "1552"]

1. e4 e5 2. Nf3 Nc6 3. b3 Nf6 4. Nc3 Bc5 5. Be2 O-O 6. O-O a6 7. d4 exd4 8. e5
dxc3 9. exf6 Qxf6 10. Qd5 Ba7 11. Be3 Bxe3 12. fxe3 Qe7 13. Qd3 Nb4 14. Qxc3 Nd5
15. Qd4 Nxe3 16. Rfc1 d6 17. Bd3 Nf5 18. Bxf5 Bxf5 19. Re1 Qd7 20. Re5 dxe5 21.
Qxd7 Bxd7 22. Nxe5 Be6 23. Re1 Rfd8 24. h3 Kf8 25. Kh2 Rd2 26. Nf3 Rxc2 27. Nd4
Rxa2 28. Nxe6+ fxe6 29. Rxe6 Re8 30. Rxe8+ Kxe8 31. Kg3 Ra3 32. Kh2 Rxb3 33. Kg1
a5 0-1

[Event "AUTO-ADV-741"]
[Site "http://www.queenalice.com/game.php?id=320155"]
[Date "2007.12.14"]
[Round "1"]
[White "vaboy"]
[Black "ciccioscacchi"]
[Result "1-0"]
[WhiteElo "1817"]
[BlackElo "1957"]

1. e4 e5 2. Nf3 Nc6 3. Bc4 Bc5 4. c3 Nf6 5. d4 exd4 6. e5 Ne4 7. Bd5 f5 8. cxd4
Bb4+ 9. Nbd2 Ne7 10. Bb3 Nxd2 11. Bxd2 Bxd2+ 12. Qxd2 c6 13. O-O Nd5 14. Bxd5
cxd5 15. Qd3 O-O 16. Qb5 Qe7 17. Qxd5+ Qe6 18. Qb5 a6 19. Qc5 h6 20. d5 Qg6 21.
Rfc1 b5 22. Qd4 d6 23. Rc6 Bb7 24. Rxd6 1-0

[Event "AUTO-ADV-741"]
[Site "http://www.queenalice.com/game.php?id=320156"]
[Date "2007.12.14"]
[Round "1"]
[White "ciccioscacchi"]
[Black "vaboy"]
[Result "0-1"]
[WhiteElo "1925"]
[BlackElo "1754"]

1. e4 e5 2. Nf3 Nc6 3. Bb5 a6 4. Ba4 Nf6 5. d4 exd4 6. e5 Nd5 7. O-O Nb6 8. Bxc6
dxc6 9. Nxd4 Bc5 10. c3 O-O 11. Nb3 Qxd1 12. Rxd1 Be7 13. Be3 Nc4 14. N1d2 Nxb2
15. Rdb1 Na4 16. Ne4 Bf5 17. Nbd2 b5 18. Re1 Ba3 19. Rab1 Bb2 20. f4 Rfd8 0-1

[Event "AUTO-ADV-741"]
[Site "http://www.queenalice.com/game.php?id=320157"]
[Date "2007.12.14"]
[Round "1"]
[White "vaboy"]
[Black "mauricio_sm"]
[Result "1-0"]
[WhiteElo "1871"]
[BlackElo "1838"]

1. e4 e5 2. Nf3 d6 3. Bc4 Bg4 4. h3 Bxf3 5. Qxf3 Qf6 6. Qb3 Ne7 7. Qxb7 Nec6 8.
Bb5 Kd7 9. Qxa8 Qd8 10. Nc3 a6 11. Bxc6+ Nxc6 12. Qxa6 Nd4 13. O-O Nxc2 14. Qa4+
c6 15. Qxc2 Be7 16. d3 h6 17. a4 Qc7 18. Be3 Ra8 19. Rfc1 Ra6 20. Nd5 Qb7 21.
Nxe7 Kxe7 22. a5 c5 23. Qc4 Qc6 24. b4 f6 25. b5 Qd7 26. bxa6 Qa7 27. Bxc5 dxc5
28. Qxc5+ Qxc5 29. Rxc5 Kf7 30. a7 Kg6 31. a8=Q Kg5 32. Qc8 Kg6 33. Qf5+ Kf7 34.
Rc7+ Ke8 35. Qc8# 1-0

[Event "AUTO-ADV-741"]
[Site "http://www.queenalice.com/game.php?id=320158"]
[Date "2007.12.14"]
[Round "1"]
[White "mauricio_sm"]
[Black "vaboy"]
[Result "0-1"]
[WhiteElo "1763"]
[BlackElo "1904"]

1. e4 e5 2. Nf3 Nc6 3. Bb5 a6 4. Bxc6 dxc6 5. d3 Bd6 6. Nc3 Qe7 7. O-O Nf6 8.
Bg5 h6 9. Bxf6 Qxf6 10. h3 Bc5 11. a3 O-O 12. Qe2 Re8 13. Na4 Ba7 14. Rfe1 Bd7
15. Nc3 Qg6 16. Nh4 Qf6 17. Nf3 Re6 18. Red1 Qe7 19. d4 exd4 20. Nxd4 Bxd4 21.
Rxd4 Rg6 22. Rad1 Bxh3 23. g3 Qf6 24. Qh5 Bg4 25. Qh2 Bxd1 26. Rxd1 Rd8 27.
Rxd8+ Qxd8 28. f3 Qd4+ 29. Qf2 Rxg3+ 30. Kf1 Qxf2+ 31. Kxf2 Rg6 32. Ne2 Rd6 33.
Ke3 Kf8 34. Nd4 Rxd4 35. Kxd4 Ke7 36. e5 Ke6 37. Ke4 g5 38. f4 gxf4 39. Kxf4 Kd5
40. Kf5 h5 41. Kg5 Kxe5 42. Kxh5 Ke4 43. Kg5 f5 44. Kh4 Ke3 45. Kg3 f4+ 0-1

[Event "AUTO-ADV-741"]
[Site "http://www.queenalice.com/game.php?id=320159"]
[Date "2007.12.14"]
[Round "1"]
[White "vaboy"]
[Black "Vikoerich"]
[Result "1/2-1/2"]
[WhiteElo "1942"]
[BlackElo "2138"]

1. e4 e5 2. Nf3 Nc6 3. Bc4 Bc5 4. c3 Qe7 5. O-O Nf6 6. d4 Bb6 7. d5 Nb8 8. a4 a6
9. a5 Ba7 10. Bg5 d6 11. Re1 Nbd7 12. Nbd2 Nf8 13. Bb3 Bd7 14. Ba4 h6 15. Bxd7+
N8xd7 16. Bh4 g5 17. Bg3 O-O-O 18. b4 Nxe4 19. Rxe4 f5 20. Rc4 f4 21. Ne4 fxg3
22. hxg3 Rhf8 23. Qb3 g4 24. b5 gxf3 25. bxa6 b6 26. Qb5 Nc5 27. Qc6 Qe8 28.
Qa8+ Kd7 29. Qxa7 Ra8 30. Nxc5+ bxc5 31. Qb7 fxg2 32. Rg4 Qc8 33. Rg7+ Kd8 34.
Kxg2 Rxa6 35. Qb5 1/2-1/2

[Event "AUTO-ADV-741"]
[Site "http://www.queenalice.com/game.php?id=320160"]
[Date "2007.12.14"]
[Round "1"]
[White "Vikoerich"]
[Black "vaboy"]
[Result "1/2-1/2"]
[WhiteElo "2138"]
[BlackElo "1926"]

1. e4 e5 2. Nf3 Nc6 3. Bb5 a6 4. Ba4 Nf6 5. O-O Be7 6. Re1 b5 7. Bb3 O-O 8. c3
d6 9. d4 Bg4 10. d5 Na5 11. Bc2 c6 12. dxc6 Nxc6 13. Be3 h6 14. Nbd2 Be6 15. Qe2
Qc7 16. Bb3 d5 17. exd5 Bxd5 18. a4 Qb7 19. axb5 axb5 20. Bxd5 Nxd5 21. Nb3 e4
22. Nfd4 b4 23. Rxa8 Rxa8 24. Qg4 bxc3 25. bxc3 Nf6 26. Qg3 Bf8 27. Nd2 Ra2 28.
Nf1 Kh7 29. Qf4 Ne7 30. c4 Ng6 31. Qf5 Kg8 32. Rc1 Qa8 33. c5 Ne7 34. Qe5 Ng4
35. Qf4 Nxe3 36. Qxe3 Ra3 37. Qf4 Ra4 38. Qd2 Nc6 39. Nxc6 Qxc6 40. Qb2 1/2-1/2

[Event "AUTO-OPEN-914"]
[Site "http://www.queenalice.com/game.php?id=359609"]
[Date "2008.2.23"]
[Round "2"]
[White "mauricio_sm"]
[Black "vaboy"]
[Result "0-1"]
[WhiteElo "1750"]
[BlackElo "1956"]

1. e4 d6 2. Nf3 Nf6 3. Nc3 g6 4. d3 Bg7 5. g3 Nc6 6. Bg2 O-O 7. O-O Re8 8. Be3
Ng4 9. Re1 Nxe3 10. Rxe3 Bg4 11. Qd2 Bh6 12. Qe2 Nd4 13. Qd1 Bxf3 14. Bxf3 Bxe3
15. fxe3 Nxf3+ 16. Qxf3 c6 17. Rf1 Rf8 18. Qf4 Qb6 19. Na4 Qb4 20. b3 b5 21. Nb2
Qc3 22. Nd1 Qxc2 23. Qf2 Qxd3 24. Qf3 f5 25. Nf2 Qc2 26. exf5 Rxf5 27. Qe4 Qxe4
28. Nxe4 Re5 29. Nf2 Rxe3 30. Ng4 Re4 31. Nf2 Re2 32. Ng4 Rxa2 33. Nh6+ Kg7 34.
Ng4 Rf8 35. Rxf8 Kxf8 36. Ne3 Rb2 37. Ng2 Rxb3 38. Nf4 a5 39. Ne6+ Kf7 40. Nd4
a4 41. Nxc6 a3 42. Na5 Rb1+ 43. Kg2 a2 0-1

[Event "AUTO-OPEN-914"]
[Site "http://www.queenalice.com/game.php?id=359610"]
[Date "2008.2.23"]
[Round "2"]
[White "vaboy"]
[Black "mauricio_sm"]
[Result "1-0"]
[WhiteElo "1969"]
[BlackElo "1750"]

1. d4 d5 2. Bf4 Nf6 3. e3 e6 4. Nf3 h6 5. Bd3 Nc6 6. c3 Bd6 7. O-O b6 8. Ne5 Bb7
9. Bb5 Bxe5 10. Bxe5 O-O 11. Bf4 Ne4 12. Nd2 Nxd2 13. Qxd2 a6 14. Bd3 Re8 15. f3
e5 16. Bg3 a5 17. Bb5 f6 18. dxe5 fxe5 19. Rad1 Ba6 20. Bxa6 Rxa6 21. Qxd5+ Qxd5
22. Rxd5 Raa8 23. Rd7 Rac8 24. Rfd1 Kf8 25. Kf2 Re7 26. R7d5 e4 27. f4 Rf7 28.
Ke2 Ke8 29. Bh4 Ne7 30. R5d4 Nf5 31. Rxe4+ Kf8 32. Bf2 Nd6 33. Red4 Rd7 34. e4
c5 35. Rxd6 Rxd6 36. Rxd6 Rb8 37. Kd3 Ke7 38. Rxb6 Rxb6 39. Bxc5+ Kd7 40. Bxb6
g5 41. fxg5 hxg5 42. Bxa5 Kd6 43. Kd4 1-0

[Event "AUTO-OPEN-914"]
[Site "http://www.queenalice.com/game.php?id=359615"]
[Date "2008.2.23"]
[Round "2"]
[White "vaboy"]
[Black "marcos_excel"]
[Result "1-0"]
[WhiteElo "1981"]
[BlackElo "1935"]

1. d4 d5 2. Bf4 Nc6 3. e3 Bf5 4. Bb5 a6 5. Bxc6+ bxc6 6. Nf3 Rb8 7. b3 h6 8. Ne5
Rb6 9. Nc3 g5 10. Bg3 a5 11. Na4 Ra6 12. Qh5 Rh7 13. Qe2 f6 14. Qxa6 fxe5 15.
Bxe5 e6 16. Qxc6+ Rd7 17. Nc5 Bxc5 18. Qxc5 Ne7 19. Qxa5 Be4 20. f3 Bg6 21. Qc3
Qc8 22. h4 gxh4 23. Rxh4 Nf5 24. Rh2 h5 25. g4 Nh6 26. Qc6 Bf7 27. Rxh5 Bxh5 28.
Qxe6+ Kf8 29. Qxh6+ Ke8 30. Qh8+ 1-0

[Event "AUTO-OPEN-914"]
[Site "http://www.queenalice.com/game.php?id=359616"]
[Date "2008.2.23"]
[Round "2"]
[White "marcos_excel"]
[Black "vaboy"]
[Result "1/2-1/2"]
[WhiteElo "1948"]
[BlackElo "2001"]

1. d4 d5 2. Nf3 Nf6 3. e3 Bg4 4. h3 Bxf3 5. Qxf3 Nc6 6. Bb5 a6 7. Bxc6+ bxc6 8.
Nc3 e6 9. e4 dxe4 10. Nxe4 Nxe4 11. Qxe4 Qd5 12. Qxd5 cxd5 13. O-O Bd6 14. c3
Rb8 15. h4 Kd7 16. b4 a5 17. bxa5 Rb5 18. Be3 Rxa5 19. f4 Rha8 20. Rf2 Ra3 21.
Rc2 Kc6 22. Kf2 Kb5 23. Bc1 R3a4 24. g4 Kc4 25. Ke2 Rb8 26. g5 h5 27. Ke3 Rb7
28. Rb2 Rxb2 29. Bxb2 f5 30. Kf3 Ba3 31. Bc1 Bxc1 32. Rxc1 Ra3 33. Rc2 Rxc3+
1/2-1/2

[Event "AUTO-OPEN-914"]
[Site "http://www.queenalice.com/game.php?id=392658"]
[Date "2008.4.24"]
[Round "3"]
[White "MGimenes"]
[Black "vaboy"]
[Result "0-1"]
[WhiteElo "1956"]
[BlackElo "2028"]

1. d4 d5 2. c4 dxc4 3. e4 e5 4. d5 b5 5. a4 Nf6 6. Bg5 Bc5 7. axb5 Bxf2+ 8. Kxf2
Nxe4+ 9. Ke1 Qxg5 10. Nf3 Qe3+ 11. Qe2 Qc1+ 12. Qd1 Qxd1+ 13. Kxd1 Nf2+ 14. Ke1
Nxh1 15. Bxc4 Nd7 16. Nbd2 Nb6 0-1

[Event "AUTO-OPEN-914"]
[Site "http://www.queenalice.com/game.php?id=392659"]
[Date "2008.4.24"]
[Round "3"]
[White "vaboy"]
[Black "MGimenes"]
[Result "1-0"]
[WhiteElo "2010"]
[BlackElo "1956"]

1. e4 e6 2. d4 d5 3. Nc3 Bb4 4. e5 c5 5. a3 Bxc3+ 6. bxc3 c4 7. Qg4 g6 8. Be2
Nc6 9. Nf3 Nge7 10. O-O h5 11. Qh4 Nf5 12. Qh3 f6 13. g4 Ng7 14. Nh4 1-0

[Event "AUTO-ADV-741"]
[Site "http://www.queenalice.com/game.php?id=393790"]
[Date "2008.4.26"]
[Round "2"]
[White "vaboy"]
[Black "Vikoerich"]
[Result "1/2-1/2"]
[WhiteElo "2093"]
[BlackElo "2180"]

1. d4 d5 2. Bf4 Nf6 3. e3 e6 4. Nd2 Nbd7 5. Ngf3 Be7 6. h3 O-O 7. Bd3 c5 8. c3
b6 9. Qc2 Bb7 10. O-O Rc8 11. Qa4 a6 12. Rfc1 Ne4 13. Qd1 Ndf6 14. Qe2 b5 15. a4
c4 16. Bc2 Nxd2 17. Qxd2 b4 18. cxb4 Qb6 19. b5 axb5 20. axb5 Qxb5 21. Qa5 Qxa5
22. Rxa5 Ra8 23. Rca1 Rxa5 24. Rxa5 Ra8 25. Rxa8+ Bxa8 26. Ne5 Bb7 27. f3 h6 28.
g4 g5 29. Bg3 h5 30. Ba4 h4 31. Bh2 Kg7 32. Nc6 Kf8 33. Nxe7 Kxe7 34. Bc7 Ne8
35. Ba5 f6 36. Bc3 Nd6 37. Kg2 Bc8 38. Kf2 Bd7 39. Bc2 1/2-1/2

[Event "AUTO-ADV-741"]
[Site "http://www.queenalice.com/game.php?id=393791"]
[Date "2008.4.26"]
[Round "2"]
[White "Vikoerich"]
[Black "vaboy"]
[Result "1/2-1/2"]
[WhiteElo "2261"]
[BlackElo "2087"]

1. e4 e5 2. Nf3 Nc6 3. Bc4 Bc5 4. c3 Nf6 5. d4 exd4 6. cxd4 Bb4+ 7. Bd2 Nxe4 8.
Bxb4 Nxb4 9. Bxf7+ Kxf7 10. Qb3+ d5 11. Ne5+ Ke6 12. Qxb4 c5 13. Qa4 Qb6 14. Qc2
cxd4 15. Nd3 Kf7 16. Nd2 Re8 17. O-O Bf5 18. Nf3 Rac8 19. Qa4 Nf6 20. Rad1 Re2
21. b3 Rcc2 22. Nde5+ Kg8 23. Qxd4 Qxd4 24. Nxd4 Rxe5 25. Nxc2 Bxc2 1/2-1/2

[Event "AUTO-ADV-741"]
[Site "http://www.queenalice.com/game.php?id=393794"]
[Date "2008.4.26"]
[Round "2"]
[White "vaboy"]
[Black "Rgbug"]
[Result "1-0"]
[WhiteElo "2052"]
[BlackElo "2070"]

1. d4 d5 2. Bf4 e6 3. e3 Bd6 4. Bxd6 Qxd6 5. Qg4 Qb4+ 6. Nd2 g6 7. O-O-O Nc6 8.
Ngf3 Qa4 9. a3 e5 10. Qh4 Bf5 11. Nb3 Na5 12. Nfd2 Ne7 13. g4 Nxb3+ 14. Nxb3 Be4
15. Qf6 O-O 16. f3 Bxc2 17. Nc5 Qa5 18. Kxc2 Nc6 19. Kb1 exd4 20. exd4 Rfe8 21.
Bd3 b5 22. Qxc6 b4 23. a4 b3 24. Nxb3 Qb6 25. Bb5 Reb8 26. Qxd5 1-0

[Event "AUTO-ADV-741"]
[Site "http://www.queenalice.com/game.php?id=393795"]
[Date "2008.4.26"]
[Round "2"]
[White "Rgbug"]
[Black "vaboy"]
[Result "0-1"]
[WhiteElo "2072"]
[BlackElo "2070"]

1. e4 e5 2. Nf3 Nc6 3. Bc4 Bc5 4. d3 Nf6 5. Be3 Bxe3 6. fxe3 d5 7. exd5 Nxd5 8.
Qe2 Be6 9. O-O O-O 10. Bxd5 Bxd5 11. Nc3 Qd7 12. Nxd5 Qxd5 13. Ng5 f6 14. e4
Qd4+ 15. Qf2 fxg5 16. Qxd4 Nxd4 17. c3 Ne2+ 18. Kh1 Nf4 19. d4 exd4 20. cxd4 Ne2
21. d5 Rae8 22. Rxf8+ Rxf8 23. Re1 Rf4 24. e5 Re4 25. e6 Ng3+ 0-1